|
|
|
|
| LEADER |
00000cam a2200000 7i4500 |
| 001 |
0000047671 |
| 005 |
20150521.0 |
| 008 |
150521 |
| 020 |
|
|
|a 9788183822688
|
| 090 |
0 |
0 |
|a 659.2
|b SIN
|
| 100 |
1 |
|
|a Sinha, Rashmi
|
| 245 |
1 |
0 |
|a Effective editing :
|b help yourself in becoming a good editors
|c Rashmi Sinha
|
| 260 |
|
|
|a New Delhi :
|b Lotus Press ,
|c 2012
|
| 650 |
|
0 |
|a Press releases
|
| 650 |
|
0 |
|a Public relations
|
| 650 |
|
0 |
|a Publicity
|
| 999 |
|
|
|a 0001349531
|b Book
|c Adult Collection
|e Cawangan Bukit Gambir
|
| 999 |
|
|
|a 0001349532
|b Book
|c Adult Collection
|e Cawangan Sri Merlong
|
| 999 |
|
|
|a 0001349533
|b Book
|c Adult Collection
|e Cawangan Segamat
|
| 999 |
|
|
|a 0001349534
|b Book
|c Adult Collection
|e Cawangan Muar
|
| 999 |
|
|
|a 0001349535
|b Book
|c Adult Collection
|e Cawangan Bandar Tenggara
|
| 999 |
|
|
|a 0001349536
|b Book
|c Adult Collection
|e Cawangan Bandar Penawar
|
| 999 |
|
|
|a 0001349537
|b Book
|c Adult Collection
|e Cawangan Kota Tinggi
|
| 999 |
|
|
|a 0001349538
|b Book
|c Adult Collection
|e Cawangan Pontian
|
| 999 |
|
|
|a 0001349540
|b Book
|c Adult Collection
|e Cawangan Taman Sri Lambak
|
| 999 |
|
|
|a 0001349541
|b Book
|c Adult Collection
|e Cawangan Tangkak
|
| 999 |
|
|
|a 0001349542
|b Book
|c Adult Collection
|e Cawangan Tmn. Ungku Tun Aminah
|
| 999 |
|
|
|a 0001349543
|b Book
|c Adult Collection
|e Cawangan Mersing
|
| 999 |
|
|
|a 0001351575
|b Book
|c Adult Collection
|e Perbadanan Perpustakaan Awam Johor
|
| 999 |
|
|
|a 0001351576
|b Book
|c Adult Collection
|e Cawangan Urban Transformation Centre
|